000 01063nam a22003257a 4500
001 BR0002243
003 BR-BrBNA
005 20230928100650.0
007 ta
008 230509b bl.||||| |||| 00| 0 por d
040 _aBR-BrBNA
_bpor
_cBiblioteca Nacional de Agricultura
041 _a(Por)
072 _aK10; F40
_b3290
090 _ 3290 BR0002243
100 1 _aSilva, M.M.P. da
110 1 _aEscola Superior de Agricultura Luiz de Queiroz, Piracicaba, SP (Brasil)
_0Tese (Mestre em Ciencias)
245 1 _aSubsidios para o manejo de Tabebuia cassinoides (Lam.)DC (Caixeta)- ecologia, silvicultura e manejo florestal
260 3 _aPiracicaba, SP (Brasil):
_c2000.
300 _a105 p.
500 _aSummaries (Eng, Por); Several bibliography; 35 illus.; 27 tables
650 _aCaixeta
650 _aSilvicultura
650 _aEcologia Florestal
650 _aPratica Cultural
650 _aProtecao Ambiental
650 _aInventario Florestal
650 _aLegislacao Florestal
909 _a202309
_bLucia
_c55
_dLucia Elande
942 _cBK
999 _c62261
_d62261